Visualizzazione normale
Vista MARC
- Verdi Giuseppe
di Personal Name
Records bibliografici associati: 1
001 - CONTROL NUMBER
- control field: 20544
003 - CONTROL NUMBER IDENTIFIER
- control field: IT-RoPau
005 - DATE AND TIME OF LATEST TRANSACTION
- control field: 20140412210456.0
008 - FIXED-LENGTH DATA ELEMENTS
- fixed length control field: 140412|| aca||aabn | a|a d
040 ## - CATALOGING SOURCE
- Original cataloging agency: IT-RoPau
- Transcribing agency: IT-RoPau
100 ## - HEADING--PERSONAL NAME
- Personal name: Verdi Giuseppe
670 ## - SOURCE DATA FOUND
- Source citation: Work cat.: (IT-RoPau)103151: Verdi Giuseppe, Trovatore (Il)